[Event "AUTO-MASTER-2488"]
[Site "http://www.queenalice.com/game.php?id=1431191"]
[Date "2016.7.10"]
[Round "1"]
[White "mvson33"]
[Black "Feijo"]
[Result "0-1"]
[WhiteElo "2021"]
[BlackElo "2165"]

1. e4 e5 2. Nf3 f5 3. d3 d6 4. Be2 Nf6 5. exf5 Bxf5 6. O-O Be7 7. Nc3 Nc6 8. Bd2
Qd7 9. Nh4 Be6 10. Bh5+ Nxh5 11. Qxh5+ g6 12. Nxg6 Bf7 13. Nxe5 Nxe5 14. Qe2
O-O-O 15. Rfe1 Rde8 0-1

[Event "AUTO-MASTER-2491"]
[Site "http://www.queenalice.com/game.php?id=1432493"]
[Date "2016.7.20"]
[Round "1"]
[White "capaputi"]
[Black "Feijo"]
[Result "1-0"]
[WhiteElo "2330"]
[BlackElo "2162"]

1. e4 c5 2. Nf3 Nc6 3. Bb5 d6 4. d4 cxd4 5. Nxd4 Bd7 6. Nc3 Nf6 7. O-O e6 8. Be3
a6 9. Nxc6 Bxc6 10. Bxc6+ bxc6 11. Qe2 Be7 12. Rad1 Qc7 13. f3 O-O 14. b3 d5 15.
Bf2 Rfd8 16. e5 Nd7 17. f4 c5 18. Na4 Qa5 19. c4 d4 20. Rd3 Nb6 21. Nxb6 Qxb6
22. Qe1 Rd7 23. Bh4 Bxh4 24. Qxh4 Qd8 25. Qh5 g6 26. Qh3 Qe7 27. Qf3 Rc8 28.
Rfd1 Qd8 29. R1d2 a5 30. g4 Kg7 31. Qg3 Kh8 32. h4 Ra8 33. Rg2 a4 34. f5 exf5
35. gxf5 axb3 36. axb3 Qf8 37. Qg5 Ra6 38. Rf3 Qd8 39. Qh6 Qe8 40. fxg6 1-0

[Event "AUTO-MASTER-2491"]
[Site "http://www.queenalice.com/game.php?id=1432494"]
[Date "2016.7.20"]
[Round "1"]
[White "Feijo"]
[Black "capaputi"]
[Result "0-1"]
[WhiteElo "2170"]
[BlackElo "2310"]

1. e4 Nf6 2. e5 Nd5 3. c4 Nb6 4. c5 Nd5 5. Bc4 e6 6. Nc3 Nxc3 7. dxc3 Bxc5 8.
Nf3 d5 9. exd6 Qxd6 10. Qe2 Nc6 11. Bg5 f6 12. Bh4 O-O 13. O-O Kh8 14. Rad1 Qe7
15. Rfe1 e5 16. Qc2 Be6 17. Bd3 Bg8 18. Bb5 Qe6 19. b3 a6 20. Bc4 Qe8 21. Bf1
Rd8 22. b4 Rxd1 23. Rxd1 Bb6 24. b5 axb5 25. Bxb5 Qe6 26. Qa4 Na7 27. Qb4 Nxb5
28. Qxf8 Nxc3 29. Rd2 Nd5 30. h3 e4 31. Nd4 Qd7 32. Ne2 e3 33. Rd1 Qf5 34. Nd4
Bxd4 35. Rxd4 e2 36. f3 Qb1+ 0-1

[Event "AUTO-MASTER-2491"]
[Site "http://www.queenalice.com/game.php?id=1432509"]
[Date "2016.7.20"]
[Round "1"]
[White "Christhechessplayer"]
[Black "Feijo"]
[Result "0-1"]
[WhiteElo "2247"]
[BlackElo "2155"]

1. d4 d5 2. Nf3 Nf6 3. e3 c6 4. Bd3 Bg4 5. b3 Nbd7 6. Bb2 e6 7. O-O Bd6 8. Nbd2
Qc7 9. h3 Bh5 10. c4 O-O 11. Qc2 Rac8 12. c5 Be7 13. Ne5 Rfe8 14. Ndf3 Nf8 15.
g4 Bg6 16. Ng5 Bxd3 17. Qxd3 Nxg4 18. Ngxf7 Nxe5 19. Nxe5 Bf6 20. Ng4 Qf7 21.
Kh1 Qg6 22. Nxf6+ Qxf6 23. f4 Qf5 24. Qxf5 exf5 25. Rf3 Re6 26. Rg1 Rce8 27. Bc1
Nd7 28. Rfg3 R8e7 29. b4 Rh6 30. a4 Nf6 31. b5 Ne4 32. Rf3 Nc3 33. bxc6 bxc6 34.
Bd2 Ne4 35. Bc1 Rb7 36. Kh2 Rb4 37. Rg2 Rxa4 38. Rb2 Rg6 39. Bd2 Ra1 40. h4 Rgg1
0-1

[Event "AUTO-MASTER-2491"]
[Site "http://www.queenalice.com/game.php?id=1432510"]
[Date "2016.7.20"]
[Round "1"]
[White "Feijo"]
[Black "Christhechessplayer"]
[Result "0-1"]
[WhiteElo "2170"]
[BlackElo "2245"]

1. e4 e6 2. d3 d5 3. Nd2 Nf6 4. Ngf3 c5 5. g3 Nc6 6. Bg2 dxe4 7. dxe4 e5 8. O-O
g6 9. c3 Bg7 10. Qe2 O-O 11. Nc4 Re8 12. Be3 Nxe4 13. Rad1 Qc7 14. Nh4 Nf6 15.
Bxc5 Bg4 16. Bf3 Bxf3 17. Qxf3 e4 18. Qe2 Ne5 19. Nxe5 Qxc5 20. Nd7 Nxd7 21.
Rxd7 Qc6 22. Rfd1 a5 23. Ng2 Bh6 24. Ne3 Bxe3 25. Qxe3 b5 26. Qf4 Qe6 27. R1d6
Qxa2 28. Rf6 Rf8 29. Qxe4 Rae8 30. Qf3 Re6 31. Rf4 Re1+ 32. Kg2 Ra1 33. c4 Qb1
34. Qe3 Qf1+ 35. Kf3 Re1 36. Qc5 h5 37. Rf6 Qh1+ 38. Kf4 Rfe8 39. Qc7 R1e5 40.
Qxe5 Qc1+ 41. Qe3 Rxe3 42. fxe3 Qxc4+ 43. e4 Qc1+ 0-1

[Event "AUTO-MASTER-2491"]
[Site "http://www.queenalice.com/game.php?id=1432519"]
[Date "2016.7.20"]
[Round "1"]
[White "brasilianlion"]
[Black "Feijo"]
[Result "0-1"]
[WhiteElo "2102"]
[BlackElo "2160"]

1. d4 d5 2. c4 dxc4 3. Nf3 Nf6 4. g3 c6 5. Bg2 b5 6. O-O Bb7 7. Qc2 e6 8. a4 a6
9. Rd1 Qb6 10. Bg5 Be7 11. e4 Nbd7 12. Nbd2 O-O 13. b3 cxb3 14. Qxb3 c5 15. e5
Nd5 16. Bxe7 Nxe7 17. a5 Qc7 18. Rdc1 c4 19. Qc2 Rfd8 20. Ng5 Nf8 21. Bxb7 Qxb7
22. Nde4 Nf5 23. Rab1 Rxd4 24. Rd1 Rad8 25. Nd6 Rxd1+ 26. Rxd1 Nxd6 27. exd6 Qc6
28. Ne4 f5 29. Ng5 Rxd6 30. Rxd6 Qxd6 31. Qc3 Qd1+ 32. Kg2 h6 33. Nf3 Qd5 34.
Kh3 b4 0-1

[Event "AUTO-MASTER-2491"]
[Site "http://www.queenalice.com/game.php?id=1432520"]
[Date "2016.7.20"]
[Round "1"]
[White "Feijo"]
[Black "brasilianlion"]
[Result "1-0"]
[WhiteElo "2175"]
[BlackElo "2092"]

1. e4 c5 2. Nc3 e6 3. d3 Nc6 4. g3 d5 5. Bg2 Nf6 6. Nge2 d4 7. Nb1 h6 8. O-O Be7
9. Nd2 O-O 10. a4 Rb8 11. Nc4 e5 12. f4 Nd7 13. fxe5 Ndxe5 14. Nxe5 Nxe5 15. Nf4
Bg4 16. Qe1 Qd7 17. Nd5 Bd6 18. Bf4 Rbe8 19. Bxe5 Bxe5 20. Bf3 h5 21. Qe2 Bxf3
22. Qxf3 Qg4 23. Qxg4 hxg4 24. Rf5 f6 25. Raf1 Re6 26. Nf4 Bxf4 27. R5xf4 Rc8
28. b3 a6 29. a5 Rb8 30. Rxg4 b6 31. axb6 Rexb6 32. h4 Ra8 33. Rf5 a5 34. Rxc5
Ra7 35. Rc4 Rb4 36. Rc5 a4 37. bxa4 Rbxa4 38. Rf4 Ra1+ 39. Rf1 R1a2 40. Kg2 R7a3
41. Kf3 Ra4 42. Kf4 Kh7 43. g4 Ra5 44. Rxa5 Rxa5 45. g5 Rc5 46. Rf2 fxg5+ 47.
hxg5 Kg6 48. Rg2 Rb5 49. e5 Rc5 50. Ke4 Kf7 51. Kxd4 Ra5 52. c4 1-0

[Event "AUTO-MASTER-2504"]
[Site "http://www.queenalice.com/game.php?id=1438024"]
[Date "2016.8.27"]
[Round "1"]
[White "Bira47"]
[Black "Feijo"]
[Result "0-1"]
[WhiteElo "1961"]
[BlackElo "2176"]

1. c4 e5 2. g3 f5 3. Bg2 Nf6 4. h3 Nc6 5. a3 d6 6. b4 g6 7. Bb2 Bg7 8. e3 O-O 9.
Nc3 Be6 10. Nd5 Rb8 11. Nxf6+ Bxf6 12. Ne2 Qe7 13. d3 Bg7 14. O-O Rbe8 15. f4 e4
16. Bxg7 Kxg7 17. Nc3 exd3 18. Qxd3 Bf7 19. Rae1 a6 20. e4 Qf6 21. Nd5 Qd4+ 22.
Qxd4+ Nxd4 23. Nxc7 Rc8 24. Nd5 Rxc4 25. exf5 Nxf5 26. Ne7 Nxg3 27. Rf3 Nf5 28.
Nxf5+ gxf5 29. Rg3+ Kf6 30. Bxb7 Rxf4 31. Bc6 Bc4 32. Rd1 Rd8 33. Kg2 d5 34. Re1
Re4 35. Rge3 Ke5 36. Kf3 Bb5 37. Bxb5 axb5 38. R1e2 Kd6 39. Rd3 Rxe2 40. Kxe2
Rg8 41. Kf3 Ke5 42. h4 Rg4 43. h5 Rh4 44. Kg3 Rxh5 45. Re3+ Kd4 46. Re7 Kc4 47.
Rd7 d4 48. Rc7+ Kb3 49. Rd7 Kc3 50. Rc7+ Kd2 51. Rd7 d3 52. Re7 Kc1 53. Rc7+ Kd1
0-1

[Event "AUTO-MASTER-2504"]
[Site "http://www.queenalice.com/game.php?id=1438025"]
[Date "2016.8.27"]
[Round "1"]
[White "Feijo"]
[Black "Bira47"]
[Result "1-0"]
[WhiteElo "2170"]
[BlackElo "1975"]

1. e4 c5 2. Nc3 e6 3. f4 Be7 4. Nf3 a6 5. d3 b5 6. g3 Bb7 7. Bg2 Nf6 8. O-O O-O
9. Kh1 Ng4 10. h3 Nf6 11. Ne5 d6 12. Ng4 Nxg4 13. Qxg4 Nd7 14. Bd2 Nf6 15. Qe2
Nd7 16. f5 h6 17. fxe6 fxe6 18. Qg4 Nf6 19. Qxe6+ Kh8 20. e5 Bxg2+ 21. Kxg2 dxe5
22. Qxe5 Qd6 23. Rae1 Rae8 24. Qxd6 Bxd6 25. Rxe8 Rxe8 26. Re1 Rxe1 27. Bxe1 b4
28. Ne4 Nxe4 29. dxe4 g5 30. g4 Kg7 31. Bg3 Bxg3 32. Kxg3 Kf6 33. Kf3 Ke6 34. c3
bxc3 35. bxc3 c4 36. Ke3 Ke5 37. a3 a5 38. a4 1-0

[Event "AUTO-MASTER-2504"]
[Site "http://www.queenalice.com/game.php?id=1438048"]
[Date "2016.8.27"]
[Round "1"]
[White "Feijo"]
[Black "rl793"]
[Result "0-1"]
[WhiteElo "2185"]
[BlackElo "2098"]

1. e4 c6 2. d4 d5 3. Nc3 dxe4 4. Nxe4 Bf5 5. Ng3 Bg6 6. h4 h6 7. Nh3 Nf6 8. Nf4
Bh7 9. Bc4 e6 10. Qe2 Qxd4 11. Nxe6 fxe6 12. Qxe6+ Kd8 13. Be3 Qxb2 14. Rd1+
Nbd7 15. Bd4 Bb4+ 16. Kf1 Bd3+ 17. Ne2 Qxd4 18. Bxd3 Qd6 19. Qe8+ Rxe8 20. Nc3
Bxc3 21. Rd2 Qf4 22. Rd1 Ng4 0-1

[Event "AUTO-MASTER-2504"]
[Site "http://www.queenalice.com/game.php?id=1438049"]
[Date "2016.8.27"]
[Round "1"]
[White "rl793"]
[Black "Feijo"]
[Result "1-0"]
[WhiteElo "2030"]
[BlackElo "2175"]

1. e4 e5 2. Bc4 Nc6 3. Nf3 d6 4. c3 Nf6 5. Ng5 d5 6. exd5 Nxd5 7. d4 exd4 8. O-O
Be7 9. Nxf7 Kxf7 10. Qh5+ g6 11. Bxd5+ Be6 12. Bxe6+ Kxe6 13. Qf3 Bf6 14. Nd2
dxc3 15. Ne4 Ne5 16. Qxc3 Re8 17. Qb3+ Ke7 18. Be3 Qd1 19. Raxd1 Nc4 20. Qxc4
1-0

[Event "AUTO-MASTER-2481"]
[Site "http://www.queenalice.com/game.php?id=1477593"]
[Date "2017.5.10"]
[Round "3"]
[White "Feijo"]
[Black "Michelangelo"]
[Result "0-1"]
[WhiteElo "2139"]
[BlackElo "2074"]

1. e4 e5 2. Nf3 Nf6 3. Nxe5 d6 4. Nc4 Nxe4 5. d4 d5 6. Ne3 Be7 7. Nd2 Nxd2 8.
Bxd2 O-O 9. Bd3 Nc6 10. O-O g6 11. c3 Be6 12. Ng4 f5 13. Qe2 Bf7 0-1

[Event "AUTO-MASTER-2481"]
[Site "http://www.queenalice.com/game.php?id=1477594"]
[Date "2017.5.10"]
[Round "3"]
[White "Michelangelo"]
[Black "Feijo"]
[Result "1-0"]
[WhiteElo "2093"]
[BlackElo "2125"]

1. e4 c5 2. Nf3 Nc6 3. d4 cxd4 4. Nxd4 Nf6 5. Nc3 e5 6. Ndb5 d6 7. Bg5 a6 8. Na3
b5 9. Bxf6 gxf6 10. Nd5 f5 11. Bd3 Be6 12. c3 Bg7 13. Qh5 O-O 14. exf5 Bxd5 15.
f6 1-0